000 01179naa a22002777a 4500
001 BR9401289
003 BR-BrBNA
005 20240918181131.0
007 ta
008 230509b bl.||||| |||| 00| 0 por d
040 _aBR-BrBNA
_bpor
_cBiblioteca Nacional de Agricultura
041 _a(Es)
072 _aU40; E50
090 _aU40 BR9401289
100 1 _aErba, D.A.
111 1 _a21. Congresso Brasileiro de Engenharia Agricola1. Simposio de Engenharia Agricola do Cone Sul
_cSanta Maria, RS (Brazil)
_d27-31 Jul 1992
245 1 _aUna metodologia para el ordenamiento territorial de las villas de emergencia
260 3 _aSanta Maria, RS (Brasil):
_c1992.
500 _a21. Congresso Brasileiro de Engenharia Agricola e 1. Simposio de Engenharia Agricola do Cone Sul Santa Maria, RS (Brasil): 1992. v. 4 p. 2264-2278 (BR9401289-AM)U40
650 _aAerofotogrametria
650 _aTopografia
650 _aUrbanizacao
773 0 _t21. Congresso Brasileiro de Engenharia Agricola e 1. Simposio de Engenharia Agricola do Cone Sul
_wU40 BR9401289
_gSanta Maria, RS (Brasil), 1992. v. 4 p. 2264-2278
909 _a202404
_bLucia
_c55
_dLucia Elande
942 _cAM
_2AGRIS
999 _c323760
_d323760